Alí baba and the forty thieves /

Guardado en:
Autor Principal: Anónimo
Otros Autores: Hardy-gould, Janet, Mitchell, Trystan
Formato: Libro
Publicado: Oxford : Oxford University Oress, 2012
Series:Oxford. Quick Starter
Materias:
Etiquetas: Agregar Etiqueta
Sin Etiquetas, Sea el primero en etiquetar este registro!
LEADER 00742nam a22002535a 4500
001 CEM.cems014190
005 20151020162540.0
008 130507s2012##################000#0#####d
003 CEMS
020 |a 9780194249348 
082 0 4 |a 892.7 
100 1 |a Anónimo 
245 1 0 |a Alí baba and the forty thieves /  |c Retold By Janet Hardy-goul ; ilustred By Trystan Mitchell 
260 |a Oxford :  |b Oxford University Oress,  |c 2012 
300 |a 34 p. 
490 0 |a Oxford. Quick Starter 
500 |a Texto en inglés 
653 |a Literatura 
653 |a Inglés 
653 |a Textos 
653 |a Libros en inglés 
700 1 |a Hardy-gould, Janet 
700 1 |a Mitchell, Trystan 
859 |a CEMS  |b BIB. CEMS - 11 de abril  |h 892.7  |i Al41-1  |p 26759.14  |t Ej.1